000 00313nam a2200133Ia 4500
005 20251222140101.0
008 251222s1900||||xx |||||||||||||| ||spa||
020 _a84-313-08605
082 _a112/L726
100 _aLlano Cifuentes, Alejandro
245 0 _aMetafĂ­sica y Lenguaje
264 _bEUNSA
942 _cLIB
999 _c3949
_d3949